Padre Jerónimo Lobo, SJ (Record no. 853271)
[ view plain ]
| 000 -CABECERA | |
|---|---|
| Campo de control de longitud fija | 00601nab a2200157 4500 |
| 003 - IDENTIFICADOR DEL NÚMERO DE CONTROL | |
| Campo de control | ES-SlBCS |
| 005 - FECHA Y HORA DE LA ÚLTIMA TRANSACCIÓN | |
| Campo de control | 20210327231221.0 |
| 008 - CÓDIGOS DE INFORMACIÓN DE LONGITUD FIJA | |
| Campo de control de longitud fija | 150722s2015 po ||||| |||| 00| 0 por d |
| 040 ## - FUENTE DE LA CATALOGACIÓN | |
| Centro catalogador del origen | ES-SlBCS |
| Lengua de catalogación | spa |
| 100 1# - PUNTO DE ACCESO PRINCIPAL-NOMBRE DE PERSONA | |
| Nombre de persona | Cabral, Joao Paulo |
| 9 (RLIN) | 206462 |
| 245 10 - MENCIÓN DE TÍTULO | |
| Título | Padre Jerónimo Lobo, SJ |
| Resto del título | : um missionário e um naturalista no Índico |
| Mención de responsabilidad, etc. | Joao Paulo Cabral ; Joao Manuel da Silva Martins |
| 600 14 - PUNTO DE ACCESO ADICIONAL DE MATERIA-NOMBRE DE PERSONA | |
| Nombre personal | Lobo, Jerónimo |
| Subdivisión general | Crítica e interpretación |
| 9 (RLIN) | 408825 |
| 700 1# - PUNTO DE ACCESO ADICIONAL-NOMBRE DE PERSONA | |
| Nombre de persona | Silva Martins, Joao Manuel da |
| 9 (RLIN) | 121511 |
| 773 0# - ENLACE AL DOCUMENTO FUENTE | |
| Parte(s) relacionada(s) | Vol. 180, Nº 5, 2015, págs. 465-489 |
| Título | Brotéria |
| Número de control del registro relacionado | Rev100 |
| Número Internacional Normalizado para Publicaciones Seriadas (ISSN) | 0870-7618 |
| 942 ## - ENTRADA DE ELEMENTOS AGREGADOS (KOHA) | |
| Fuente de clasificaión o esquema | |
| Koha [por defecto] tipo de item | Artículos de revista |
| Suprimido | Perdido | Fuente de clasificación o esquema | Estropeado | No para préstamo | Localización permanente | Localización actual | Localización en estantería | Fecha adquisición | Préstamos totales | Fecha última consulta | Fecha del precio de reemplazo | Tipo de item de Koha |
|---|---|---|---|---|---|---|---|---|---|---|---|---|
| San Esteban | San Esteban | Depósito de revistas | 22/07/2015 | 22/07/2015 | 22/07/2015 | Artículos de revista |
